000 00728nam a2200289Ia 4500
005 20260324115101.0
008 008 260324s9999 xx 000 0 eng d
020 _a9781351111591
037 _aEBOOK
040 _aCRL
040 _beng
040 _cCRL
041 _2eng
041 _aeng
084 _qCRL
100 _aMonna Arvinen-Barrow; Damien Clement
_91153301
245 4 _aThe Psychology of Sport and Performance Injury
245 3 _bAn Interprofessional Case-Based Approach
260 _bTaylor and Francis
260 _c2019
365 _a
365 _b760
856 _uhttp://www.taylorfrancis.com/books/9781351111591
942 _cEBOOK
999 _c1743905
_d1743905